MARC details
| 000 -LEADER |
| campo de control de longitud fija |
03516nam a2200577 i 4500 |
| 001 - NÚMERO DE CONTROL |
| campo de control |
196983 |
| 003 - IDENTIFICADOR DE NÚMERO DE CONTROL |
| campo de control |
ES-MaACL |
| 005 - FECHA Y HORA DE LA ÚLTIMA TRANSACCIÓN |
| campo de control |
20250809063550.0 |
| 006 - CÓDIGOS DE INFORMACIÓN DE LONGITUD FIJA--CARACTERÍSTICAS DEL MATERIAL ADICIONAL |
| campo de control de longitud fija |
m o d | |
| 007 - CAMPO FIJO DE DESCRIPCIÓN FÍSICA--INFORMACIÓN GENERAL |
| campo de control de longitud fija |
cr cnu|||||||| |
| 008 - DATOS DE LONGITUD FIJA--INFORMACIÓN GENERAL |
| campo de control de longitud fija |
250218s2012 mx aco fob 000 0 spa d |
| 020 ## - NÚMERO INTERNACIONAL ESTÁNDAR DEL LIBRO |
| Número Internacional Estándar del Libro |
9786074623932 |
| 035 ## - NÚMERO DE CONTROL DEL SISTEMA |
| Número de control de sistema |
(CKB)3710000000359213 |
| 035 ## - NÚMERO DE CONTROL DEL SISTEMA |
| Número de control de sistema |
(SSID)ssj0001440463 |
| 035 ## - NÚMERO DE CONTROL DEL SISTEMA |
| Número de control de sistema |
(PQKBManifestationID)12533896 |
| 035 ## - NÚMERO DE CONTROL DEL SISTEMA |
| Número de control de sistema |
(PQKBTitleCode)TC0001440463 |
| 035 ## - NÚMERO DE CONTROL DEL SISTEMA |
| Número de control de sistema |
(PQKBWorkID)11384844 |
| 035 ## - NÚMERO DE CONTROL DEL SISTEMA |
| Número de control de sistema |
(PQKB)11762064 |
| 035 ## - NÚMERO DE CONTROL DEL SISTEMA |
| Número de control de sistema |
(MiAaPQ)EBC6917609 |
| 035 ## - NÚMERO DE CONTROL DEL SISTEMA |
| Número de control de sistema |
(OCoLC)1298601965 |
| 035 ## - NÚMERO DE CONTROL DEL SISTEMA |
| Número de control de sistema |
(FINmELB)ELB193703 |
| 035 ## - NÚMERO DE CONTROL DEL SISTEMA |
| Número de control de sistema |
(EXLCZ)993710000000359213 |
| 040 ## - FUENTE DE CATALOGACIÓN |
| Centro catalogador/agencia de origen |
FINmELB |
| Lengua de catalogación |
spa |
| Normas de descripción |
rda |
| Centro/agencia transcriptor |
FINmELB |
| 043 ## - CÓDIGO DE ÁREA GEOGRÁFICA |
| Código de área geográfica |
e-sp--- |
| 050 #4 - SIGNATURA TOPOGRÁFICA DE LA BIBLIOTECA DEL CONGRESO |
| Número de clasificación |
F1411 |
| Número de ítem |
.I535 2013 |
| 082 0# - NÚMERO DE LA CLASIFICACIÓN DECIMAL DEWEY |
| Número de clasificación |
946.03 |
| Número de edición |
23 |
| 245 04 - MENCIÓN DEL TÍTULO |
| Título |
Las Indias Occidentales : |
| Resto del título |
procesos de incorporación territorial a las monarquías Ibéricas (siglos XVI a XVIII) / |
| Mención de responsabilidad, etc. |
Óscar Mazín y José Javier Ruiz Ibáñez, editores. |
| 250 ## - MENCION DE EDICION |
| Mención de edición |
Primera edición: 2012 |
| 264 #1 - PRODUCCIÓN, PUBLICACIÓN, DISTRIBUCIÓN, FABRICACIÓN Y COPYRIGHT |
| Producción, publicación, distribución, fabricación y copyright |
México, D.F. : |
| Nombre del de productor, editor, distribuidor, fabricante |
El Colegio de México, Centro de Estudios Históricos : |
| -- |
España : |
| -- |
Red Columnaria, |
| Fecha de producción, publicación, distribución, fabricación o copyright |
2013. |
| 300 ## - DESCRIPCIÓN FÍSICA |
| Extensión |
471 páginas : |
| Otras características físicas |
ilustraciones, retratos, fotos (algunas color) ; |
| Dimensiones |
22 cm |
| 336 ## - TIPO DE CONTENIDO |
| Término de tipo de contenido |
texto |
| Código de tipo de contenido |
txt |
| Fuente |
rdacontent |
| 337 ## - TIPO DE MEDIO |
| Nombre/término del tipo de medio |
sin mediación |
| Fuente |
rdamedia |
| 338 ## - TIPO DE SOPORTE |
| Nombre/término del tipo de soporte |
volumen |
| Fuente |
rdacarrier |
| 504 ## - NOTA DE BIBLIOGRAFÍA, ETC. |
| Nota de bibliografía, etc. |
Incluye referencias bibliográficas. |
| 505 0# - NOTA DE CONTENIDO CON FORMATO |
| Nota de contenido con formato |
Tierra y gobierno en la PenInsula Ibérica medieval / Adeline Rucquoi -- Integrar un mundo : dinámicas de agregación y de cohesión en la monarquia de España / Xavier Gil Pujol -- La integración de los Países Bajos en la Monarquía hispánica / José Javier Ruiz Ibáñez -- El espacio italiano de la monarquía : distintos caminos hacia una sola integración / Gustavo Sabatini -- La expansión de la corona portuguesa y el estatuto político de los territorios / Pedro Cardim y Susana Münch Miranda -- Nueva España en el siglo XVI : territorio sin integración : reino imaginario / Bernardo García Martínez -- Los Andes : la constitución del Perú virreinal / Manfredi Merluzzi -- Espacio, recursos y territorio : la gobernación del RIos de la Plata durante el reinado de Felipe V / Griselda Beatriz Tarragó -- La organización de los espacios americanos en la monarquía española (siglos XVI a XVIII) / Marcello Carmagnani -- La conquista misionera del noroeste novohispano, 1590-1620 / Bernal Hansburger -- La circulación de imágenes en fiesta y ceremonias y la pintura de Nueva España / Nelly Sigaut -- Pisando huellas : el devinir de la soberanía : de conquistas, rupturas y revoluciones (siglos XVI-XIX) / Thomas Calvo. |
| 588 ## - NOTA DE FUENTE DE LA DESCRIPCIÓN |
| Nota de fuente de la descripción |
Descripción basada en metadatos suministrados por el editor y otras fuentes. |
| 650 #0 - PUNTO DE ACCESO ADICIONAL DE MATERIA--TÉRMINO DE MATERIA |
| Término de materia o nombre geográfico como elemento de entrada |
Monarquía- |
| Subdivisión geográfica |
España- |
| Subdivisión cronológica |
S.XVI |
| 9 (RLIN) |
239753 |
| 650 #7 - PUNTO DE ACCESO ADICIONAL DE MATERIA--TÉRMINO DE MATERIA |
| Término de materia o nombre geográfico como elemento de entrada |
Monarquía- |
| Subdivisión geográfica |
España- |
| Subdivisión cronológica |
S.XVII |
| 9 (RLIN) |
148390 |
| 650 #0 - PUNTO DE ACCESO ADICIONAL DE MATERIA--TÉRMINO DE MATERIA |
| Término de materia o nombre geográfico como elemento de entrada |
Monarquía- |
| Subdivisión geográfica |
España- |
| Subdivisión cronológica |
S.XVIII |
| 9 (RLIN) |
239755 |
| 651 #4 - PUNTO DE ACCESO ADICIONAL DE MATERIA--NOMBRE GEOGRÁFICO |
| Nombre geográfico |
América Latina- |
| Subdivisión general |
Historia |
| 9 (RLIN) |
7747 |
| 651 #4 - PUNTO DE ACCESO ADICIONAL DE MATERIA--NOMBRE GEOGRÁFICO |
| Nombre geográfico |
España- |
| Subdivisión general |
Colonias- |
| 9 (RLIN) |
8175 |
| Subdivisión de forma |
Historia |
| 651 #0 - PUNTO DE ACCESO ADICIONAL DE MATERIA--NOMBRE GEOGRÁFICO |
| Nombre geográfico |
España- |
| Subdivisión general |
Expansión territorial |
| 9 (RLIN) |
239758 |
| 700 1# - ENTRADA AGREGADA--NOMBRE PERSONAL |
| Nombre de persona |
Mazín Gómez, Óscar |
| 9 (RLIN) |
239763 |
| Término indicativo de función/relación |
Editor literario |
| 700 1# - ENTRADA AGREGADA--NOMBRE PERSONAL |
| Nombre de persona |
Ruiz Ibáñez, José Javier |
| 9 (RLIN) |
157846 |
| Término indicativo de función/relación |
Editor literario |
| 852 ## - LOCALIZACIÓN |
| Ubicación |
ES-MaACL |
| Ubicación en estantería |
Depósito J |
| Número de control de estantería |
N-10361 |
| Encuadernación |
Encuadernación rústica con solapas |
| itemnumber |
206483 |
| Donativo/Legado |
Donación: Editorial |
| 942 ## - ELEMENTOS DE ENTRADA SECUNDARIOS (KOHA) |
| Tipo de ítem Koha |
Libro impreso |
| Suprimir en OPAC |
No |